| 000 | 00477nam a2200145 a 4500 | ||
|---|---|---|---|
| 001 | 000033680 | ||
| 005 | 20200930070433.0 | ||
| 008 | 110905s1942 ag 000 0 spa d | ||
| 040 |
_aDO-SdBNP _bspa _cBNPHU |
||
| 100 | 1 |
_aAlfonseca, Ivan _923845 |
|
| 245 | 1 | 0 |
_aAntología biografica : _bla juventud de Santo Domingo en la poesía contemporánea 1924-1942 / _cIvan Alfonseca. |
| 260 |
_aBuenos Aires, : _bEditorial Claridad, _c1942. |
||
| 300 |
_a184 p. ; _c22 cm. |
||
| 049 | _aBNPD | ||
| 999 |
_c33171 _d33171 |
||